000 00413pab a2200169 454500
008 180718b2013 xxu||||| |||| 00| 0 eng d
100 _aShamala Kumar
245 _aThe military expansion into education
260 _c2013
300 _ap.38-41.
362 _a16 Feb
650 _aEducation - Sri Lanka
650 _aEducation
773 _aEconomic and Political Weekly
908 _aN
909 _a102333
999 _c102331
_d102331